| 000 | 01799cam a2200265 a 4500 | ||
|---|---|---|---|
| 001 | 000008062 | ||
| 005 | 20250512091101.0 | ||
| 008 | 020122s2001 sp a 000 j spa | ||
| 020 | _a8420443476 | ||
| 040 |
_aDO-SdBNP _bspa _cBNPD |
||
| 082 |
_aH864.44 _bP925t, 2001 |
||
| 111 | 2 |
_aPremio Internacional de Literatura _n(3º. : _d2001 : _cMadrid) _921969 |
|
| 245 | 0 | 0 |
_aTerminemos el cuento / _cArmando Almanzar ... [et al.]. |
| 260 |
_aMadrid : _bAlfaguara, _c2001. |
||
| 300 |
_a239 p. : _bil. ; _c22 cm. |
||
| 490 | 1 | _aSerie roja | |
| 500 | _aLa biblioteca posee la primera reimpresión, Santo Domingo, 2006 | ||
| 505 | 0 | _aDesde el fondo de la copa / Lucia Laragiones, Esteban Virgilio Da Re -- La casita / Ramon Rocha Monroy, Rossana Kathenca Peredo -- La invencion del silencio / Alejandra Costamagna, Constanza Perez-Cueto -- La nina calva / Jorje Franco, Daniel Alejandro Castelblanco -- Balada-rock / Enid Vian, Sandra Martinez Rodriguez -- El virus del genesis / Raul Vallejo, Andrea Rosario Torres -- Hola!, Eres Luis? / Ricardo Gomez, Laura Casielles -- | |
| 505 | 0 | _aTarantula / Guillermo Samperio, Jorge Abraham Sanchez -- La maquina del senor Heriberto / Helio Vera, Gonzalo Gabriel de Tommaso -- Retiro espritual / Giovanna Pollarolo, Alejandra Cardenas -- Geronimo / Mayra Montero, Neddie M. Cruz -- Muchacha bonita en ventana con rejas y un gato / Armando Almanzar, Massiel Indiana Zapata -- El arbol de las garzas / Carlos Maria Dominguez, Danila Fernanda Rivero -- Huelga de hambre / Jose Luis Palacios, Natalia Milagros Pericchi. | |
| 650 | 0 |
_aCuentos hispanoamericanos _99678 |
|
| 650 | 0 |
_aLiteratura hispanoamericana _ySIGLO XX _916923 |
|
| 700 | 1 | 2 |
_aAlmánzar Rodríguez, Armando, _d1935- _919523 |
| 830 | 0 |
_aSerie roja _921971 |
|
| 910 | _aValidado. Control de calidad MFF | ||
| 999 |
_c7839 _d7839 |
||